000 00841nam a2200277Ia 4500
003 OSt
005 20220928131020.0
006 a|||||r|||| 00| 0
007 ta
008 220927b |||||||| |||| 00| 0 eng d
020 _cINR 679.00
024 _a142664
037 _b061, 19/12/2019, Classic Book Service
_cTextual
040 _aSDCL
_cSDCL
_beng
041 _2eng
_aeng
082 _aB280bS, P8
100 _aKing Bruce M.
_9476777
245 0 _aStatistical reasoning in the behavioral science
250 _a5th
260 _aNew Delhi
_bWiley
_c2008
300 _axxiii,487p.
_ccm.
650 _aBusiness Economics
_9391653
700 _a Minium Edward W.
_9476778
942 _hB280bS, P8
_cTEXL
_2CC
999 _c789249
_d789249